E-learning

Zapisane w:
Opis bibliograficzny
1. autor: Bou Bauzá, Guillem
Kolejni autorzy: Cascudo, Carme Trinidad, Huguet Borén, Llorenç
Format: Książka
Język:hiszpański
Wydane: Madrid, España Anaya Multimedia 2004
Seria:Tecnología Multimedia
Hasła przedmiotowe:
Etykiety: Dodaj etykietę
Nie ma etykietki, Dołącz pierwszą etykiete!

MARC

LEADER 00000nam a2200000 a 4500
001 UCL7038
003 CL-VaPUC
005 20240708111426.0
008 040423e20040000SP |||||||||||||||||spa|d
999 |c 308907  |d 308905 
020 |a 8441516162 
040 |c Pontificia Universidad Católica de Valparaíso 
082 0 4 |a 371.4 BOU 2004  |2 21 
100 0 |a Bou Bauzá, Guillem  |9 484768 
245 1 0 |a E-learning 
260 0 3 |a Madrid, España  |b Anaya Multimedia  |c 2004 
300 |a 272 páginas 
490 0 |a Tecnología Multimedia 
583 |a last modification  |c 20040423 00:00:00  |k Rodrigo Vera 
650 0 |a Informática   |9 260044 
650 0 |a Matemática  |9 260235 
650 0 |a Ciencias de la educación  |9 369010 
650 0 |a E- learning   |9 484771 
650 0 |a Información  |9 256927 
650 7 |a CONDUCTIVISMO  |2 CL-VaPUC  |9 484772 
700 0 |a Cascudo, Carme Trinidad  |9 484769 
700 0 |a Huguet Borén, Llorenç  |9 484770 
942 |c BK  |2 ddc 
945 |d 20040423 00:00:00  |a cmena 
952 |0 0  |1 0  |2 ddc  |4 0  |6 371_400000000000000_BOU_2004  |7 0  |8 A  |9 375839  |a BIBEDU  |b BIBEDU  |d 2019-11-21  |i 4008278  |o 371.4 BOU 2004  |p 4008278  |r 2019-11-21  |t 1  |w 2019-11-21  |y BK  |k EDU 
952 |0 0  |1 0  |2 ddc  |4 0  |6 371_400000000000000_BOU_2004  |7 0  |8 A  |9 375840  |a BIBEDU  |b BIBEDU  |d 2019-11-21  |i 4034341  |o 371.4 BOU 2004  |p 4034341  |r 2019-11-21  |t 2  |w 2019-11-21  |y BK  |k EDU